00550nam a22001697a 450000500170000001000130001702000260003003500110005603700130006708200070008010000230008724500640011024600440017426000530021827000870027130000220035820190725171913.0 aUR-10289 c350.00a9789388356121 aU-8844 bDBAD/PUB aک aعلی ا ما م  aعلی ا ما م کے ا فسا نے cعلی ا ما م  bAli Imam ke Afsane (Urdu)aby Ali Imam a DelhibEducational Publishing House c2018 ء  a3191,Vakil Street,Kucha Pandit Lal Kuan,bDelhie110006k23216162l0091-1123211540 a368 صc22 Cm(Hb)